Yugoslavie
Saved in:
| Hovedforfatter: | |
|---|---|
| Format: | Bog |
| Sprog: | fransk |
| Udgivet: |
París
Librairie Hachette
1956
|
| Udgivelse: | 1a. ed |
| Serier: | Les Albums des Guides Bleus
|
| Fag: | |
| Tags: |
Tilføj Tag
Ingen Tags, Vær først til at tagge denne postø!
|
MARC
| LEADER | 00000cam a2200000 a 4500 | ||
|---|---|---|---|
| 001 | UCE4833 | ||
| 003 | CL-VaPUC | ||
| 008 | 141113e19560000fr |||||||||||||||||fre|d | ||
| 082 | 0 | 4 | |a 949.7 |b PEI |2 21 |
| 100 | 0 | |a Peillard, Léonce |e author |9 577320 | |
| 245 | 1 | 0 | |a Yugoslavie |
| 250 | |a 1a. ed | ||
| 300 | |a 126 p | ||
| 942 | |c BK | ||
| 945 | |d 20141113 14:00:00 |a dcastane | ||
| 260 | |a París |b Librairie Hachette |c 1956 | ||
| 650 | 0 | |a Historia de Europa |9 392003 | |
| 650 | 0 | |a Historia |z Yugoslavia |9 445137 | |
| 651 | 0 | |a Yugoslavia |9 313912 | |
| 583 | |a last modification |c 20141113 14:00:00 |k Rodrigo Vera | ||
| 490 | 0 | |a Les Albums des Guides Bleus | |
| 999 | |c 357691 |d 357689 | ||
| 952 | |0 0 |1 0 |3 erd |4 0 |6 949_700000000000000_PEI_1956 |7 0 |8 X |9 465737 |a FDOBUD |b FDOBUD |i 5107342 |o 949.7 PEI 1956 |p 5107342 |r 2019-11-23 |w 2019-11-23 |y BK_X |z Catalogado en:20141113 |k BUD | ||